[Event "PRO League Group Stage"]
[Site "chess.com INT"]
[Date "2019.01.08"]
[Round "1"]
[White "Firouzja, Alireza"]
[Black "Xu, Grant"]
[Result "1-0"]
[WhiteTitle "GM"]
[WhiteElo "2618"]
[BlackElo "2207"]
[WhiteTeam "Montclair Sopranos"]
[BlackTeam "New York Marshalls"]
[WhiteFideId "12573981"]
[BlackFideId "2052318"]
[EventDate "2019.01.08"]

1. e4 e6 2. d4 d5 3. Nc3 Bb4 4. e5 c5 5. a3 Bxc3+ 6. bxc3 Ne7 7. Qg4 Qc7 8. Qxg7
Rg8 9. Qxh7 cxd4 10. Ne2 Nbc6 11. f4 Bd7 12. h4 dxc3 13. h5 O-O-O 14. Qd3 Nf5
15. h6 Rg6 16. h7 Rh8 17. Qxc3 Rg7 18. Qd3 Na5 19. a4 Nc4 20. Rh3 Qa5+ 21. c3
Kb8 22. Kf2 Qc5+ 23. Nd4 Ne7 24. Be2 Ng6 25. Qg3 Qf8 26. Bxc4 Nxe5 27. Ba3 Rxg3
28. Bxf8 Rxh3 29. Bd6+ Kc8 30. Bxe5 R3xh7 31. Bxh8 Rxh8 32. Bd3 f6 33. Re1 Re8
34. Bg6 Rg8 35. Bf7 Rg4 36. g3 e5 37. fxe5 fxe5 38. Rxe5 Kc7 39. Rxd5 Bxa4 40.
Ra5 Bd7 41. Rxa7 Kb6 42. Ra1 Kc5 43. Rb1 b5 44. Bh5 Rg8 45. Be2 Rf8+ 46. Ke3
Re8+ 47. Kd2 Rg8 48. Bxb5 Bc8 49. Rg1 Kd5 50. Be2 Ke5 51. Ke3 Bd7 52. g4 Kf6 53.
Kf4 Rc8 54. g5+ Kg7 55. Rg3 Rf8+ 56. Ke5 Re8+ 57. Kd6 Ba4 58. Ne6+ Kg8 59. Bc4
Kh7 60. g6+ Kh6 61. g7 Rg8 62. Rh3+ Kg6 63. Rh8 1-0

[Event "PRO League Group Stage"]
[Site "chess.com INT"]
[Date "2019.01.08"]
[Round "1"]
[White "Eshleman, Brandon"]
[Black "Liang, Awonder"]
[Result "0-1"]
[BlackTitle "GM"]
[WhiteElo "1807"]
[BlackElo "2589"]
[WhiteTeam "Montreal Chessbrahs"]
[BlackTeam "Pittsburgh Pawngrabbers"]
[WhiteFideId "2617650"]
[BlackFideId "2056437"]
[EventDate "2019.01.08"]

1. e4 e5 2. Nf3 Nc6 3. Bb5 a6 4. Ba4 d6 5. d4 Bd7 6. c3 g6 7. O-O Bg7 8. h3 Nge7
9. Re1 O-O 10. d5 Nb8 11. Bc2 a5 12. Be3 h6 13. c4 f5 14. exf5 gxf5 15. Nc3 Ng6
16. c5 Na6 17. Rc1 e4 18. Nh2 Nxc5 19. Bxc5 dxc5 20. f3 e3 21. Kh1 Qg5 22. d6
Rae8 23. Ne2 Bb5 24. Bd3 Bxd3 25. Qxd3 cxd6 26. Qxd6 Rd8 27. Qxc5 Rd2 28. f4 Qe7
29. Qxe7 Nxe7 30. Rc7 Nd5 31. Rxb7 Nb4 32. Nc3 Nc2 33. Re2 Bxc3 0-1

[Event "PRO League Group Stage"]
[Site "chess.com INT"]
[Date "2019.01.08"]
[Round "1"]
[White "Hansen, Eric"]
[Black "Shabalov, Alexander"]
[Result "1-0"]
[WhiteTitle "GM"]
[BlackTitle "GM"]
[WhiteElo "2615"]
[BlackElo "2529"]
[WhiteTeam "Montreal Chessbrahs"]
[BlackTeam "Pittsburgh Pawngrabbers"]
[WhiteFideId "2606771"]
[BlackFideId "2008572"]
[EventDate "2019.01.08"]

1. e4 c5 2. Nf3 e6 3. d4 cxd4 4. Nxd4 Nc6 5. Nc3 Qc7 6. Be3 a6 7. Qd2 Be7 8.
O-O-O b5 9. Kb1 Bb7 10. f3 Nf6 11. g4 O-O 12. g5 Ne8 13. h4 Ne5 14. h5 b4 15.
Na4 d5 16. g6 dxe4 17. h6 fxg6 18. Nxe6 Qc6 19. Nxf8 Nxf3 20. Qd7 Rd8 21. Bc4+
Kxf8 22. hxg7+ Nxg7 23. Rxh7 Qxc4 24. Rh8+ Kf7 25. Rxd8 Bc6 26. Qa7 Bxa4 27. b3
Qc3 28. bxa4 Nf5 29. R8d7 Ne5 30. Bd4 Nxd4 31. R7xd4 e3 32. Rf4+ 1-0

[Event "PRO League Group Stage"]
[Site "chess.com INT"]
[Date "2019.01.08"]
[Round "1"]
[White "Bregadze, Levan"]
[Black "Van Kampen, Robin"]
[Result "0-1"]
[WhiteTitle "IM"]
[BlackTitle "GM"]
[WhiteElo "2460"]
[BlackElo "2658"]
[WhiteTeam "Pittsburgh Pawngrabbers"]
[BlackTeam "Montreal Chessbrahs"]
[WhiteFideId "13603264"]
[BlackFideId "1020854"]
[EventDate "2019.01.08"]

1. d4 Nf6 2. Nf3 b6 3. g3 Bb7 4. Bg2 g6 5. O-O Bg7 6. c4 O-O 7. Nc3 Ne4 8. Qc2
Nxc3 9. bxc3 Nc6 10. Rb1 Na5 11. c5 d6 12. Rd1 Qc8 13. c4 dxc5 14. dxc5 Qg4 15.
Bf4 Rac8 16. Rb5 Bc6 17. h3 Qf5 18. Qxf5 gxf5 19. Rbb1 Nxc4 20. Rbc1 b5 21. Bg5
Rfe8 22. a4 a6 23. axb5 axb5 24. Nd4 Bxg2 25. Nxb5 Nb2 26. Rd2 Bxh3 27. f3 c6
28. Nc3 Nc4 29. Rd3 f4 30. g4 h5 31. Kh2 Ne5 32. Rdd1 hxg4 33. Bxf4 Ng6 34. Bg3
Bxc3 35. Rxc3 Rcd8 36. Rg1 Rd2 37. Re3 f5 38. Bc7 Kf7 0-1

[Event "PRO League Group Stage"]
[Site "chess.com INT"]
[Date "2019.01.08"]
[Round "1"]
[White "Shetty, Atulya"]
[Black "Saric, Ivan"]
[Result "0-1"]
[WhiteTitle "IM"]
[BlackTitle "GM"]
[WhiteElo "2401"]
[BlackElo "2690"]
[WhiteTeam "Pittsburgh Pawngrabbers"]
[BlackTeam "Montreal Chessbrahs"]
[WhiteFideId "2031213"]
[BlackFideId "14508150"]
[EventDate "2019.01.08"]

1. c4 e5 2. g3 Nf6 3. Bg2 c6 4. d4 e4 5. Nc3 d5 6. cxd5 cxd5 7. Bg5 Bb4 8. Rc1
Nbd7 9. Nh3 h6 10. Bxf6 Bxc3+ 11. Rxc3 Nxf6 12. O-O O-O 13. Qb3 Bf5 14. Rfc1 Qd7
15. Rc7 Rac8 16. Rxc8 Rxc8 17. Rxc8+ Qxc8 18. g4 Bxg4 19. Qc3 Qxc3 20. bxc3 Bxe2
21. Bf1 Bxf1 22. Kxf1 g5 23. Ng1 Ng4 24. h3 Nh2+ 25. Kg2 Nf3 26. Ne2 f5 27. Nc1
Kf7 28. Nb3 b6 29. Na1 f4 30. Nc2 Ke6 31. Nb4 Kd6 32. a4 h5 33. Nc2 Nh4+ 34. Kf1
Nf5 35. Na3 a6 36. Nc2 g4 37. hxg4 hxg4 38. Nb4 a5 39. Nc2 e3 40. Na3 f3 41.
fxe3 Nxe3+ 42. Kf2 Nd1+ 43. Kg3 Nxc3 44. Nc2 Nxa4 45. Kxg4 f2 46. Ne3 Nb2 47.
Kf3 Nc4 48. Nf5+ Ke6 49. Ng3 Nd2+ 0-1

[Event "PRO League Group Stage"]
[Site "chess.com INT"]
[Date "2019.01.08"]
[Round "1"]
[White "Movsesian, Sergei"]
[Black "Caruana, Fabiano"]
[Result "1/2-1/2"]
[WhiteTitle "GM"]
[BlackTitle "GM"]
[WhiteElo "2629"]
[BlackElo "2828"]
[WhiteTeam "London Lions"]
[BlackTeam "Saint Louis Arch Bishops"]
[WhiteFideId "310204"]
[BlackFideId "2020009"]
[EventDate "2019.01.08"]

1. e4 e5 2. Nf3 Nc6 3. Bb5 a6 4. Ba4 Nf6 5. O-O Be7 6. d3 b5 7. Bb3 d6 8. a3 O-O
9. Nc3 Nb8 10. Ne2 h6 11. Ng3 Re8 12. c3 Bf8 13. Re1 Nbd7 14. d4 Bb7 15. Bc2 g6
16. h4 c5 17. h5 Bg7 18. d5 c4 19. Nh2 Nc5 20. Be3 Bc8 21. a4 Bd7 22. axb5 axb5
23. Rxa8 Qxa8 24. f4 Qa2 25. hxg6 fxg6 26. fxe5 Rxe5 27. Qc1 Nh5 28. Ngf1 g5 29.
Nf3 Nf4 30. Bxf4 gxf4 31. Nxe5 Bxe5 32. Nh2 b4 33. Nf3 b3 34. Bb1 Qa7 35. Kf1
Bg4 36. Qd2 Qe7 37. Qe2 Bc8 38. Qf2 Bd7 39. Kg1 Kg7 40. Nd4 Qg5 41. Nf3 Qg3 42.
Qxg3+ fxg3 43. Nxe5 dxe5 44. Re3 h5 45. Rxg3+ Bg4 46. Kf1 Na4 47. Ke1 Nxb2 48.
Kd2 Kf6 49. Re3 Na4 50. Re1 Ke7 51. Rf1 Nc5 52. Ke3 Nb7 53. Kd2 Nc5 54. Ke3 Na4
55. Kd2 Nc5 1/2-1/2

[Event "PRO League Group Stage"]
[Site "chess.com INT"]
[Date "2019.01.08"]
[Round "1"]
[White "Edouard, Romain"]
[Black "So, Wesley"]
[Result "1/2-1/2"]
[WhiteTitle "GM"]
[BlackTitle "GM"]
[WhiteElo "2643"]
[BlackElo "2765"]
[WhiteTeam "London Lions"]
[BlackTeam "Saint Louis Arch Bishops"]
[WhiteFideId "633429"]
[BlackFideId "5202213"]
[EventDate "2019.01.08"]

1. d4 Nf6 2. c4 e6 3. Nf3 d5 4. Nc3 Bb4 5. cxd5 exd5 6. Bg5 h6 7. Bh4 O-O 8. e3
Bf5 9. Bd3 Bxd3 10. Qxd3 c6 11. O-O Nbd7 12. Ne5 Be7 13. f4 Nb6 14. Bxf6 Bxf6
15. Rf3 Qe7 16. Raf1 Nd7 17. e4 dxe4 18. Nxe4 Rad8 19. Ng4 h5 20. Nexf6+ Nxf6
21. Re3 Qd6 22. Nxf6+ Qxf6 23. Re5 Rfe8 24. Qe4 Rxe5 25. dxe5 Qe6 26. b3 Rd2 27.
Rf2 Rd1+ 28. Rf1 Rd2 29. Rf2 Qd7 30. Rxd2 Qxd2 31. e6 fxe6 32. Qxe6+ Kh7 33.
Qf5+ Kg8 34. Qc8+ Kh7 35. Qf5+ Kg8 36. Qc8+ Kh7 37. Qf5+ 1/2-1/2

[Event "PRO League Group Stage"]
[Site "chess.com INT"]
[Date "2019.01.08"]
[Round "1"]
[White "Niemann, Hans"]
[Black "Royal, Shreyas"]
[Result "0-1"]
[WhiteTitle "IM"]
[BlackTitle "CM"]
[WhiteElo "2466"]
[BlackElo "1892"]
[WhiteTeam "Saint Louis Arch Bishops"]
[BlackTeam "London Lions"]
[WhiteFideId "2093596"]
[BlackFideId "448869"]
[EventDate "2019.01.08"]

1. d4 Nf6 2. c4 g6 3. Nc3 Bg7 4. e4 d6 5. Be2 O-O 6. Nf3 c5 7. O-O Bg4 8. d5
Nbd7 9. Be3 a6 10. a4 Rb8 11. h3 Bxf3 12. Bxf3 Ne8 13. Be2 Nc7 14. f4 f5 15.
exf5 Rxf5 16. Bd3 Rf8 17. Qd2 Nf6 18. f5 gxf5 19. Bxf5 b5 20. axb5 axb5 21. cxb5
Nxb5 22. Be6+ Kh8 23. Bh6 Nd4 24. Bxg7+ Kxg7 25. Ne2 Nxe6 26. dxe6 Kh8 27. Ra7
Ne4 28. Rf4 Nxd2 29. Rd7 Qxd7 30. exd7 Rxf4 31. Nxf4 Rd8 0-1

[Event "PRO League Group Stage"]
[Site "chess.com INT"]
[Date "2019.01.08"]
[Round "1"]
[White "Rosenthal, Nicholas"]
[Black "Tan, Justin2"]
[Result "1-0"]
[BlackTitle "GM"]
[WhiteElo "2180"]
[BlackElo "2502"]
[WhiteTeam "Saint Louis Arch Bishops"]
[BlackTeam "London Lions"]
[WhiteFideId "2045150"]
[BlackFideId "3206882"]
[EventDate "2019.01.08"]

1. e4 e5 2. Nf3 Nc6 3. Bc4 Bc5 4. c3 Nf6 5. d4 exd4 6. cxd4 Bb4+ 7. Bd2 Bxd2+ 8.
Nbxd2 d5 9. exd5 Nxd5 10. O-O O-O 11. Rc1 Nb6 12. Bb3 Nxd4 13. Nxd4 Qxd4 14.
Rxc7 Qxb2 15. Ne4 Bf5 16. Qf3 Qe5 17. Rxf7 Rxf7 18. Ng5 Kf8 19. Nxf7 Qe4 20. Qd1
Qd3 21. Qc1 Re8 22. Qc5+ Re7 23. Rd1 Nd7 24. Rxd3 Nxc5 25. Rd8+ 1-0

[Event "PRO League Group Stage"]
[Site "chess.com INT"]
[Date "2019.01.08"]
[Round "1"]
[White "Le, Quang Liem"]
[Black "Katz, Alexander"]
[Result "1-0"]
[WhiteTitle "GM"]
[BlackTitle "IM"]
[WhiteElo "2714"]
[BlackElo "2433"]
[WhiteTeam "Webster Windmills"]
[BlackTeam "Miami Champions"]
[WhiteFideId "12401137"]
[BlackFideId "2039796"]
[EventDate "2019.01.08"]

1. e4 e5 2. Nf3 Nf6 3. Nc3 Nc6 4. Bb5 Bc5 5. O-O O-O 6. d3 d6 7. h3 Ne7 8. d4
exd4 9. Nxd4 Ng6 10. Re1 c6 11. Bf1 Re8 12. Nb3 Bb6 13. Be3 Bxe3 14. Rxe3 d5 15.
exd5 Rxe3 16. fxe3 cxd5 17. Qd4 Bf5 18. Bd3 Bxd3 19. cxd3 Ne7 20. Rf1 Nc6 21.
Qf4 Qe7 22. Nd4 Nxd4 23. Qxd4 Re8 24. Rf3 a6 25. Nxd5 Nxd5 26. Qxd5 Rd8 27. Qb3
Rd7 28. d4 Rc7 29. Qd3 h5 30. Rf1 Rc6 31. e4 Rg6 32. e5 h4 33. Qe4 Qb4 34. Qd5
Qe7 35. Qe4 Qb4 36. Rf2 Qe7 37. d5 Rg5 38. Re2 Qc5+ 39. Kh2 f6 40. exf6 Qd6+ 41.
Kh1 Rxd5 42. fxg7 Rd1+ 43. Re1 Qd2 44. Qe6+ Kxg7 45. Qg4+ 1-0

[Event "PRO League Group Stage"]
[Site "chess.com INT"]
[Date "2019.01.08"]
[Round "1"]
[White "Nyzhnyk, Illya"]
[Black "Miellier, Yan"]
[Result "1-0"]
[WhiteTitle "GM"]
[WhiteElo "2624"]
[BlackElo "2118"]
[WhiteTeam "Webster Windmills"]
[BlackTeam "Miami Champions"]
[WhiteFideId "14118084"]
[BlackFideId "14128764"]
[EventDate "2019.01.08"]

1. d4 d5 2. c4 c6 3. cxd5 cxd5 4. Bg5 Nc6 5. Nc3 Nf6 6. Bxf6 exf6 7. e3 Rb8 8.
Nge2 Be6 9. g3 b5 10. Bg2 b4 11. Na4 b3 12. axb3 Na5 13. O-O Nxb3 14. Ra2 Be7
15. Nac3 O-O 16. Nf4 Na5 17. Bxd5 Bd7 18. Qh5 Nc6 19. Bc4 Bd6 20. b3 Qc8 21. Ne4
Bxf4 22. gxf4 Bg4 23. Qh4 Bf3 24. Nd2 Bg4 25. Kh1 Nb4 26. Ra5 Qc6+ 27. f3 Nc2
28. Bd3 f5 29. Rc5 Qe6 30. Bxc2 Qxe3 31. Qf2 Qxf2 32. Rxf2 Bh3 33. Bxf5 Bxf5 34.
Rxf5 Rfc8 35. Rc5 Rd8 36. d5 Rb4 37. Nc4 Rxb3 38. Rd2 Rxf3 39. d6 Rxf4 40. d7
Kf8 41. Na5 Rf6 42. Nb7 Ke7 43. Nxd8 Kxd8 44. Rc8+ 1-0

[Event "PRO League Group Stage"]
[Site "chess.com INT"]
[Date "2019.01.08"]
[Round "1"]
[White "Sethuraman, S.P."]
[Black "Shimanov, Aleksandr"]
[Result "1/2-1/2"]
[WhiteTitle "GM"]
[BlackTitle "GM"]
[WhiteElo "2665"]
[BlackElo "2610"]
[WhiteTeam "Miami Champions"]
[BlackTeam "Webster Windmills"]
[WhiteFideId "5021596"]
[BlackFideId "4198603"]
[EventDate "2019.01.08"]

1. e4 c6 2. d4 d5 3. e5 Bf5 4. Nf3 e6 5. Be2 Ne7 6. O-O h6 7. Nbd2 Nd7 8. Nb3 g5
9. a4 Qc7 10. Bd2 a5 11. Rc1 Bg7 12. c4 O-O 13. cxd5 Nxd5 14. h4 g4 15. Ne1 h5
16. Bd3 Ne7 17. Bg5 f6 18. exf6 Nxf6 19. Nc5 Qd6 20. Qb3 Nfd5 21. Nxb7 Qb8 22.
Nc5 Bxd4 23. Bxe7 Nxe7 24. Qc4 Bxc5 25. Qxc5 Qxb2 26. Rc4 Qf6 27. g3 Rfd8 28.
Bxf5 Nxf5 29. Ng2 e5 30. Qxc6 Qxc6 31. Rxc6 Nd4 32. Rh6 Kg7 33. Rb6 Nf3+ 34. Kh1
Rd4 35. Ne3 Rf8 36. Rc1 Rf7 37. Kg2 Rxa4 38. Nd5 Rd4 39. Nc7 Rd2 40. Ne6+ Kh7
41. Rc8 Ne1+ 42. Kf1 Rfxf2+ 43. Kxe1 Rfe2+ 44. Kf1 Rf2+ 45. Ke1 Rfe2+ 46. Kf1
Rf2+ 47. Ke1 Rfe2+ 48. Kf1 Rf2+ 1/2-1/2

[Event "PRO League Group Stage"]
[Site "chess.com INT"]
[Date "2019.01.08"]
[Round "1"]
[White "Iturrizaga Bonelli, Eduardo"]
[Black "Grabinsky, Joshua"]
[Result "1-0"]
[WhiteTitle "GM"]
[BlackTitle "CM"]
[WhiteElo "2637"]
[BlackElo "2078"]
[WhiteTeam "Miami Champions"]
[BlackTeam "Webster Windmills"]
[WhiteFideId "3901211"]
[BlackFideId "30919754"]
[EventDate "2019.01.08"]

1. Nf3 Nf6 2. c4 c5 3. Nc3 b6 4. e3 Bb7 5. d4 cxd4 6. exd4 a6 7. d5 d6 8. Bd3 g6
9. O-O Bg7 10. Re1 O-O 11. Bg5 Nbd7 12. Qd2 Rc8 13. a4 Nc5 14. Bc2 a5 15. Nd4
Re8 16. Re2 Ba6 17. b3 e5 18. dxe6 Nxe6 19. Rae1 Qd7 20. Nxe6 Rxe6 21. Bxf6 Bxf6
22. Nd5 Bd8 23. Qd4 Rb8 24. Rxe6 fxe6 25. Nf4 e5 26. Rxe5 Bf6 27. Qd5+ Qf7 28.
Re1 Be5 29. Qxf7+ Kxf7 30. Nd5 Bc8 31. Be4 Be6 32. Nc7 Rc8 33. Nb5 Ke7 34. g3 g5
35. Bxh7 Kf6 36. Be4 Bd7 37. Kg2 Bxb5 38. axb5 a4 39. bxa4 Rxc4 40. a5 bxa5 41.
b6 Rb4 42. b7 a4 43. Re3 Bd4 44. Ra3 Ba7 45. Bc6 Rb2 46. Rxa4 Rxf2+ 47. Kg1 Bc5
48. Ra8 g4 49. Rf8+ 1-0

[Event "PRO League Group Stage"]
[Site "chess.com INT"]
[Date "2019.01.08"]
[Round "1"]
[White "Firouzja, Alireza"]
[Black "Demchenko, Anton"]
[Result "1/2-1/2"]
[WhiteTitle "GM"]
[BlackTitle "GM"]
[WhiteElo "2618"]
[BlackElo "2679"]
[WhiteTeam "Montclair Sopranos"]
[BlackTeam "New York Marshalls"]
[WhiteFideId "12573981"]
[BlackFideId "4160258"]
[EventDate "2019.01.08"]

1. e4 e5 2. Nf3 Nc6 3. Bb5 a6 4. Ba4 d6 5. c3 Bd7 6. d4 g6 7. O-O Bg7 8. dxe5
dxe5 9. Be3 b6 10. c4 Nge7 11. Nc3 O-O 12. h3 Nd4 13. Bxd7 Qxd7 14. Nd5 Nxd5 15.
cxd5 Nxf3+ 16. Qxf3 f5 17. Rac1 Rf7 18. Rc6 Rd8 19. Rfc1 fxe4 20. Qxe4 Qxd5 21.
Qxd5 Rxd5 22. Rxc7 Rxc7 23. Rxc7 Rd1+ 24. Kh2 e4 25. Ra7 Bxb2 26. Bxb6 Be5+ 27.
g3 Bd4 28. Ra8+ Kf7 29. Rd8 e3 30. Rxd4 e2 31. Rf4+ Kg7 32. Ba5 e1=Q 33. Bxe1
Rxe1 34. Ra4 Re6 35. g4 g5 36. Kg3 Rc6 37. Ra5 h6 38. f3 Kg6 39. h4 Rb6 40. Rc5
Rf6 41. h5+ Kg7 42. Rc7+ Kg8 43. Ra7 Rd6 44. a4 Rc6 45. a5 Rd6 46. Rb7 Rd2 47.
Rb6 Kh7 48. Rxa6 Ra2 49. Ra7+ Kg8 50. a6 Kh8 51. Re7 Rxa6 52. Kf2 Kg8 53. Ke3
Ra4 54. Rd7 Rf4 55. Rd4 Rf6 56. Rd5 Kg7 57. Rf5 Re6+ 58. Kd4 Rd6+ 59. Ke4 Re6+
60. Re5 Rf6 61. Re7+ Kg8 62. Rd7 Rf4+ 63. Ke3 Rf6 64. Rd3 Re6+ 65. Kd4 Kf7 66.
Ra3 Rd6+ 67. Kc5 Rd1 68. Ra7+ Kg8 69. Ra6 Kg7 70. Rd6 Rf1 71. Rd3 Rf2 72. Kd4
Re2 73. Re3 Rd2+ 74. Ke5 Rd8 75. Ra3 Re8+ 76. Kd6 Rd8+ 77. Ke7 Rf8 78. Rd3 Rf6
79. Ke8 Rf8+ 80. Kd7 Rf6 81. Ke7 Rf7+ 82. Ke6 Rf6+ 83. Ke5 Rf7 84. Ra3 Re7+ 85.
Kd6 Rf7 86. Rd3 Rf8 87. Rc3 Rf6+ 88. Kd5 Rf7 89. Ke5 Re7+ 90. Kd6 Re1 91. Rc7+
Kg8 92. Re7 Rf1 93. Re3 Kf7 94. Ke5 Ra1 95. Rd3 Ra5+ 96. Rd5 Ra7 97. Kf5 Kg7 98.
Ke6 Ra6+ 99. Rd6 Ra3 100. Rd7+ Kg8 101. Kf5 Ra5+ 102. Ke6 Ra3 103. Rd8+ Kg7 104.
Rd7+ Kg8 105. Kf5 Ra5+ 106. Ke4 Ra6 107. Re7 Rf6 108. Re5 Rf4+ 109. Ke3 Kg7 110.
Rf5 Ra4 111. Rb5 Rc4 112. Rb7+ Kg8 113. Rd7 Ra4 114. Rd4 Ra5 115. Ke4 Kg7 116.
Rd5 Ra3 117. Rd7+ Kg8 118. Re7 Ra5 119. Re6 Kg7 120. Rg6+ Kh7 121. Rd6 Ra4+ 122.
Ke5 Rf4 123. Rf6 Ra4 124. Rf7+ Kg8 125. Re7 Rf4 126. Re6 Kg7 1/2-1/2

[Event "PRO League Group Stage"]
[Site "chess.com INT"]
[Date "2019.01.08"]
[Round "1"]
[White "Lenderman, Aleksandr"]
[Black "Azarov, Sergei"]
[Result "1/2-1/2"]
[WhiteTitle "GM"]
[BlackTitle "GM"]
[WhiteElo "2637"]
[BlackElo "2575"]
[WhiteTeam "Montclair Sopranos"]
[BlackTeam "New York Marshalls"]
[WhiteFideId "2021285"]
[BlackFideId "13501470"]
[EventDate "2019.01.08"]

1. d4 Nf6 2. c4 e6 3. Nc3 Bb4 4. g3 O-O 5. Bg2 d5 6. Nf3 dxc4 7. O-O Nc6 8. Qa4
Bd7 9. Bg5 Rb8 10. Qc2 Bxc3 11. bxc3 h6 12. Bxf6 Qxf6 13. Nd2 e5 14. e3 b5 15.
a4 exd4 16. exd4 b4 17. Ne4 Qg6 18. Qd2 Bf5 19. Nc5 Rfd8 20. Qf4 Bd3 21. Nxd3
cxd3 22. d5 Ne7 23. c4 b3 24. Be4 Qf6 25. Qxf6 gxf6 26. Rfd1 Kg7 27. Rxd3 Rb4
28. Rc3 Rdb8 29. a5 Nc8 30. Bd3 Nd6 31. Rb1 b2 32. c5 Nb5 33. Bxb5 R8xb5 34. d6
cxd6 35. c6 Rb8 36. Rc2 d5 37. c7 Rc8 38. a6 Rc4 39. Rcxb2 R8xc7 40. Rb7 d4 41.
Rxc7 Rxc7 42. Rb7 Rc1+ 43. Kg2 d3 44. Rd7 Ra1 45. Rxd3 Rxa6 46. Rd7 Ra3 47. Rb7
a5 48. Ra7 a4 49. h4 h5 50. Ra5 Kg6 51. Kf1 Ra2 52. Kg2 Ra3 53. Kf1 f5 54. Ra6+
Kg7 55. Kg2 f6 56. Ra7+ Kg6 57. Ra5 1/2-1/2

[Event "PRO League Group Stage"]
[Site "chess.com INT"]
[Date "2019.01.08"]
[Round "1"]
[White "Khamrakulov, Djurabek"]
[Black "Yip, Carissa"]
[Result "1-0"]
[WhiteTitle "GM"]
[BlackTitle "FM"]
[WhiteElo "2503"]
[BlackElo "2279"]
[WhiteTeam "New York Marshalls"]
[BlackTeam "Montclair Sopranos"]
[WhiteFideId "14201143"]
[BlackFideId "2090732"]
[EventDate "2019.01.08"]

1. e4 c5 2. c3 d5 3. exd5 Qxd5 4. d4 Nc6 5. Nf3 e6 6. Na3 Nf6 7. Be3 cxd4 8. Nb5
Qd8 9. Nfxd4 Nxd4 10. Qxd4 Nd5 11. Nxa7 Nxe3 12. Qxe3 Bd7 13. Nb5 Be7 14. Be2
O-O 15. O-O Qc8 16. Rfd1 Ra5 17. a4 Rd8 18. b4 Ra8 19. a5 Bf6 20. Rac1 Bc6 21.
Na7 Qc7 22. b5 Rxd1+ 23. Bxd1 Be8 24. b6 Qe7 25. Ra1 Rd8 26. Bf3 h6 27. g3 e5
28. a6 bxa6 29. b7 e4 30. Bxe4 Qc7 31. Nc8 Be5 32. Rxa6 Rd1+ 33. Kg2 Qc4 34.
Ne7+ Kf8 35. Ra8 Qf1+ 36. Kf3 Qh1+ 37. Kg4 1-0

[Event "PRO League Group Stage"]
[Site "chess.com INT"]
[Date "2019.01.08"]
[Round "1"]
[White "Xu, Grant"]
[Black "Barbosa, Oliver"]
[Result "1-0"]
[BlackTitle "GM"]
[WhiteElo "2207"]
[BlackElo "2552"]
[WhiteTeam "New York Marshalls"]
[BlackTeam "Montclair Sopranos"]
[WhiteFideId "2052318"]
[BlackFideId "5201640"]
[EventDate "2019.01.08"]

1. e4 c5 2. d4 cxd4 3. c3 d3 4. Bxd3 Nc6 5. c4 g6 6. Nf3 Bg7 7. O-O d6 8. h3 Nf6
9. Nc3 O-O 10. Be3 Qa5 11. Rc1 Be6 12. b3 Rfc8 13. Bb1 Qd8 14. Qd2 Nd7 15. Nd4
Nxd4 16. Bxd4 Bxd4 17. Qxd4 Qb6 18. Qd2 a5 19. Kh1 Qb4 20. f4 Nf6 21. f5 Bd7 22.
fxg6 hxg6 23. e5 Nh5 24. Qg5 Be6 25. Bxg6 fxg6 26. Qxg6+ Ng7 27. Ne4 Qa3 28. Ng5
Bf5 29. Rxf5 Qxc1+ 30. Kh2 1-0

[Event "PRO League Group Stage"]
[Site "chess.com INT"]
[Date "2019.01.08"]
[Round "1"]
[White "Liang, Awonder"]
[Black "Hansen, Eric"]
[Result "0-1"]
[WhiteTitle "GM"]
[BlackTitle "GM"]
[WhiteElo "2589"]
[BlackElo "2615"]
[WhiteTeam "Pittsburgh Pawngrabbers"]
[BlackTeam "Montreal Chessbrahs"]
[WhiteFideId "2056437"]
[BlackFideId "2606771"]
[EventDate "2019.01.08"]

1. Nf3 Nf6 2. g3 g6 3. Bg2 Bg7 4. O-O O-O 5. d4 d5 6. c4 c6 7. Ne5 Ng4 8. Nxg4
Bxg4 9. cxd5 cxd5 10. Nc3 Nc6 11. h3 Be6 12. e4 Nxd4 13. exd5 Bf5 14. Bf4 Rc8
15. g4 Bd7 16. Qd2 e5 17. Bg5 Qb6 18. Be7 Rfe8 19. d6 Bc6 20. Nd5 Bxd5 21. Bxd5
Qb5 22. Bg2 Bf8 23. Bxf8 Rxf8 24. Kh1 Rcd8 25. f4 Ne2 26. fxe5 Ng3+ 27. Kg1 Nxf1
28. Rxf1 Qxe5 29. d7 f5 30. Re1 Qc5+ 31. Kh1 fxg4 32. b4 Qf2 33. Qd5+ Kh8 34.
Rf1 Qe3 35. Rxf8+ Rxf8 36. hxg4 Rd8 37. Qd6 Kg7 38. Kh2 Qg5 39. Qe6 Qf4+ 40. Kh3
Qf6 41. Qd5 Qc3+ 42. Kh4 Qe1+ 43. Kh3 Qe7 44. Qd4+ Qf6 45. Qd5 h5 46. gxh5 Qf5+
47. Qxf5 gxf5 48. Bxb7 Rxd7 49. Bc8 Rd3+ 50. Kh4 Kf6 51. b5 Rd4+ 52. Kg3 Kg5 53.
h6 f4+ 54. Kf3 Kxh6 55. Be6 Kg5 56. Bb3 Kf5 57. Bc2+ Ke5 58. a4 Rd2 59. Bg6 Ra2 0-1

[Event "PRO League Group Stage"]
[Site "chess.com INT"]
[Date "2019.01.08"]
[Round "1"]
[White "Shabalov, Alexander"]
[Black "Eshleman, Brandon"]
[Result "1-0"]
[WhiteTitle "GM"]
[WhiteElo "2529"]
[BlackElo "1807"]
[WhiteTeam "Pittsburgh Pawngrabbers"]
[BlackTeam "Montreal Chessbrahs"]
[WhiteFideId "2008572"]
[BlackFideId "2617650"]
[EventDate "2019.01.08"]

1. d4 Nf6 2. Bf4 g6 3. e3 Bg7 4. Nf3 d6 5. h3 O-O 6. Be2 Nbd7 7. O-O Re8 8. c4
c5 9. Nc3 a6 10. Qc2 Qc7 11. Rad1 e5 12. Bh2 b6 13. dxe5 Nxe5 14. Qd2 Bf8 15.
Ng5 Bb7 16. f4 Ned7 17. f5 h6 18. fxg6 hxg5 19. gxf7+ Kxf7 20. Nd5 Bc6 1-0

[Event "PRO League Group Stage"]
[Site "chess.com INT"]
[Date "2019.01.08"]
[Round "1"]
[White "Saric, Ivan"]
[Black "Bregadze, Levan"]
[Result "1-0"]
[WhiteTitle "GM"]
[BlackTitle "IM"]
[WhiteElo "2690"]
[BlackElo "2460"]
[WhiteTeam "Montreal Chessbrahs"]
[BlackTeam "Pittsburgh Pawngrabbers"]
[WhiteFideId "14508150"]
[BlackFideId "13603264"]
[EventDate "2019.01.08"]

1. e4 g6 2. d4 Bg7 3. Nc3 d6 4. Be3 c6 5. Nf3 Nd7 6. Bd3 Ngf6 7. h3 O-O 8. O-O
b5 9. a4 b4 10. Ne2 c5 11. Ng3 cxd4 12. Nxd4 Bb7 13. a5 a6 14. Qd2 Rb8 15. Nb3
Qc7 16. Ra4 d5 17. Rxb4 dxe4 18. Nxe4 Nd5 19. Rc4 Qd8 20. Bh6 Ne5 21. Bxg7 Kxg7
22. Rd4 Nc6 23. Ra4 Bc8 24. Nec5 Ndb4 25. Rd1 Nxd3 26. Nxd3 f6 27. Rh4 g5 28.
Rc4 Qe8 29. Re1 e5 30. Qc3 Bd7 31. Nbc5 Bf5 32. Nxa6 Rc8 33. Nab4 Nd4 34. Rxc8
Bxc8 35. a6 Qf7 36. Nc6 Nb5 37. Qa5 Nc7 38. a7 Bb7 39. Ncxe5 fxe5 40. Qxe5+ Kh6
41. Qd6+ 1-0